MARC

LEADER 00000nam0a2200000 4500
001 323427
005 20231102003553.0
035 |a (RuTPU)RU\TPU\book\349012 
090 |a 323427 
100 |a 20161018d1947 km y0rusy50 ca 
101 0 |a rus 
102 |a RU 
105 |a a z 001zy 
200 1 |a Нефть  |f Н. В. Тихонравов 
210 |a Москва  |a Ленинград  |c Гостоптехиздат  |d 1947 
215 |a 156 с.  |c ил. 
320 |a Краткий словарь терминов: с. 152-153 
606 1 |a Нефть  |x Исследование  |2 stltpush  |3 (RuTPU)RU\TPU\subj\33712  |9 55868 
606 1 |a Нефтяные месторождения  |x Геология  |2 stltpush  |3 (RuTPU)RU\TPU\subj\45952  |9 65141 
610 1 |a происхождение 
610 1 |a химия 
610 1 |a поиски 
610 1 |a нефтяные скважины 
610 1 |a бурение 
610 1 |a добыча 
610 1 |a переработка 
610 1 |a хранение 
610 1 |a транспорт 
675 |a 665.6  |v 4 
675 |a 553.982  |v 4 
700 1 |a Тихонравов  |b Н. В. 
801 1 |a RU  |b 63413507  |c 20161018 
801 2 |a RU  |b 63413507  |c 20200219  |g RCR 
942 |c BK